| 000 | 00575nam a2200193Ia 4500 | ||
|---|---|---|---|
| 005 | 20260120124507.0 | ||
| 008 | 008 260114s9999 xx 000 0 eng d | ||
| 020 | _a9781787430907 | ||
| 037 | _aEBOOK | ||
| 040 |
_aCRL _beng _cCRL |
||
| 041 |
_aeng _2eng |
||
| 084 | _qCRL | ||
| 245 | 0 | _aViewpoints on Interventions for Learners with Disabilities | |
| 260 |
_bEmerald Publishing _c2018 |
||
| 700 |
_aFestus E. Obiakor _9907086 |
||
| 856 | _uhttps://www.emerald.com/insight/publication/doi/10.1108/s0270-4013201833 | ||
| 942 | _cEBOOK | ||
| 999 |
_c1498773 _d1498773 |
||